000 00406nam a2200169 i 4500
001 2-00278705
003 PPAK
005 20180728113137.0
008 070403s my |||| ||||| | may d
040 _aPPAK
_beng
_cPPAK
_erda
245 0 0 _aMastika (1989)
264 1 _aKuala Lumpur:,
336 _2rdacontent
_atext
337 _2rdamedia
_aunmediated
338 _2rdacarrier
_avolume
942 _ddc
_cSR
999 _c168547
_d168547